00543nam a22001817a 450000500170000000800410001702000180005804000210007604100080009708200150010524500760012025000170019626000420021330000150025565000230027070000340029370000340032720220907122148.0220907b ||||| |||| 00| 0 eng d a9788173099472 aIN-DiNCcIN-DiNC dhin a035.1bHIN aHindi vishwakosh:bprithvi evam bhugol/cedited by Indra Nath Chaudhury a1st ed.bV.1 aAgra:bKendriya Hindi Sansthan,c2017 axxx, 311p. aHindi encyclopedia aChaudhury, Indra NatheEditor aPandey, Nanda KishoreeEditor